Statistics for Soccer Players With Animal Nicknames (International)

Click here to take the quiz!

General Stats

  • This quiz has been taken 8 times
  • The average score is 1 of 10

Answer Stats

HintAnswerCountry% Correct
The SwanM{arco} v{an Basten}Netherlands
63%
PitbullE{dgar} D{avids}Suriname
25%
The VultureE{milio} B{utragueno}Spain (Real Madrid)
13%
The RabbitJ{avier} S{aviola}Argentina (Benfica)
13%
The CatP{eter} B{onetti}UK (Chelsea)
13%
Little Donkey (El Burrito)A{riel} O{rtega}Argentinia
0%
The BeaverD{aniel} F{onseca}Uruguay
0%
The OctopusF{ernando}Brazil
0%
The MooseO{leh} L{uzhny}Ukraine
0%
The MouseR{oberto} A{yala}Argentina
0%

Score Distribution

Percentile by Number Answered

Percent of People with Each Score

Your Score History

You have not taken this quiz